Hodnotenie systému finančného riadenia

Finančné riadenie vo verejnej správe nie je len o dodržaní zákona – je to každodenná realita, ktorá ovplyvňuje chod celej organizácie. Článok prináša rekapituláciu povinností vyplývajúcich z vytvárania a rozvíjania systému finančného riadenia, ako aj prehľad toho, čo všetko sa kontroluje pri hodnote...

Descrizione completa

Salvato in:
Dettagli Bibliografici
Autore principale: Tamášová Karácsonyová, Katarína
Natura: Capitolo di libro
Lingua:slovacco
Soggetti:
Tags: Aggiungi Tag
Nessun Tag, puoi essere il primo ad aggiungerne!!

MARC

LEADER 00000naa a2200000 4500
001 0312479
005 20250926131500.5
041 0 |a slo 
044 |a SK 
245 1 0 |a Hodnotenie systému finančného riadenia  |c Katarína Tamášová Karácsonyová 
520 |a Finančné riadenie vo verejnej správe nie je len o dodržaní zákona – je to každodenná realita, ktorá ovplyvňuje chod celej organizácie. Článok prináša rekapituláciu povinností vyplývajúcich z vytvárania a rozvíjania systému finančného riadenia, ako aj prehľad toho, čo všetko sa kontroluje pri hodnotení systému finančného riadenia, aké sú povinnosti podľa zákona č. 357/2015 Z. z. a čo si pripraviť ešte pred príchodom audítorov. 
610 2 0 |a správa verejná 
610 2 0 |a riadenie finančné 
610 2 0 |a kontrola 
610 2 0 |a audit 
610 2 0 |a plánovanie 
610 2 0 |a riziko 
610 2 0 |a hodnotenie 
610 2 0 |a účtovníctvo 
610 2 0 |a výkazy finančné 
100 1 |a Tamášová Karácsonyová, Katarína